[Event "Berlin Lieb Memorial 1st"]
[Site "Berlin"]
[Date "2015.06.04"]
[Round "3"]
[White "Simon, Dietrich"]
[Black "Koerner, Reinhard"]
[Result "1-0"]
[WhiteElo "1721"]
[BlackElo "1460"]
[PlyCount "61"]
[EventDate "2015.05.21"]
[EventType "swiss"]
[EventRounds "7"]
[EventCountry "GER"]
[SourceTitle "EXT 2022"]
[Source "ChessBase"]
[SourceDate "2021.10.06"]
[SourceVersion "1"]
[SourceVersionDate "2021.10.06"]
[SourceQuality "1"]

1. Nf3 b6 2. g3 Bb7 3. Bg2 Nf6 4. d3 e6 5. 0-0 Be7 6. Nbd2 0-0 7. e4 d6 8. c3 c5 9. Ne1 Qc7 10. f4 Nbd7 11. g4 Rfd8 12. g5 Ne8 13. Qh5 g6 14. Qh4 Rab8 15. c4 Nf8 16. b3 d5 17. Bb2 d4 18. Ndf3 Bd6 19. Bc1 Qe7 20. Ne5 Rbc8 21. Ng4 f5 22. gxf6 Qd7 23. f7+ Kxf7 24. Ne5+ Bxe5 25. fxe5+ Kg8 26. Bg5 Ng7 27. Bxd8 Rxd8 28. Nf3 Qc7 29. Ng5 Qe7 30. Rf7 Nf5 31. exf5 1-0

[Event "Zehlendorf op"]
[Site "Berlin"]
[Date "2012.06.07"]
[Round "4"]
[White "Koenig, Frank"]
[Black "Simon, Dietrich"]
[Result "1-0"]
[WhiteElo "1956"]
[BlackElo "1706"]
[PlyCount "97"]
[EventDate "2012.05.10"]
[EventType "swiss"]
[EventRounds "7"]
[EventCountry "GER"]
[SourceTitle "EXT 2022"]
[Source "ChessBase"]
[SourceDate "2021.10.06"]
[SourceVersion "1"]
[SourceVersionDate "2021.10.06"]
[SourceQuality "1"]

1. Nf3 d5 2. g3 c6 3. Bg2 Bg4 4. d3 Nf6 5. Nbd2 e6 6. 0-0 Nbd7 7. h3 Bh5 8. e4 dxe4 9. dxe4 e5 10. Qe2 Qc7 11. Nc4 b5 12. Ncd2 Bc5 13. c4 b4 14. Nb3 Bb6 15. a3 bxa3 16. Rxa3 0-0 17. g4 Bg6 18. Nh4 Nc5 19. Nxc5 Bxc5 20. Rd3 Rfd8 21. Rfd1 Rxd3 22. Rxd3 Rd8 23. Nf5 Ne8 24. Be3 Bxe3 25. Qxe3 Rxd3 26. Qxd3 f6 27. Bf3 c5 28. Ne3 Bf7 29. Bd1 Nd6 30. Ba4 Kf8 31. f3 g6 32. b3 Be6 33. Kf2 Ke7 34. Kg3 Qa5 35. Kf2 h5 36. gxh5 gxh5 37. h4 Qd8 38. Bc6 Qg8 39. Bd5 Qc8 40. Qf1 Qb8 41. Bxe6 Kxe6 42. Qh3+ Ke7 43. Nd5+ Kf8 44. Qe6 Nf7 45. Qe7+ Kg7 46. Nxf6 Qh8 47. Nd7 Kg6 48. Qe6+ Kg7 49. Nxe5 1-0

[Event "Zehlendorf op"]
[Site "Berlin"]
[Date "2012.05.10"]
[Round "1"]
[White "Simon, Dietrich"]
[Black "Simon, Ralf Axel"]
[Result "0-1"]
[WhiteElo "1706"]
[BlackElo "2168"]
[PlyCount "65"]
[EventDate "2012.05.10"]
[EventType "swiss"]
[EventRounds "7"]
[EventCountry "GER"]
[SourceTitle "EXT 2022"]
[Source "ChessBase"]
[SourceDate "2021.10.06"]
[SourceVersion "1"]
[SourceVersionDate "2021.10.06"]
[SourceQuality "1"]

1. e4 c5 2. Nc3 a6 3. d3 e6 4. g3 b5 5. f4 Bb7 6. Bg2 d5 7. Nh3 Nf6 8. e5 Ng8 9. 0-0 Ne7 10. g4 h5 11. f5 hxg4 12. Qxg4 Nxf5 13. Bg5 Qd7 14. a4 b4 15. Ne2 Nc6 16. c3 Nxe5 17. Qf4 f6 18. Ng3 Ng6 19. Qd2 bxc3 20. bxc3 fxg5 21. Nxf5 exf5 22. Qxg5 Nh4 23. Rac1 Kf7 24. d4 Be7 25. Qd2 cxd4 26. cxd4 Rh6 27. Rc2 Nxg2 28. Kxg2 Rah8 29. Rf3 Bf6 30. Qd3 Rh4 31. Kh1 Rxd4 32. Ng5+ Kg6 33. Qe3 0-1